000 00818cam a2200289 4500
008 090401t1999 xxu||||| |||| 00| 0 eng d
020 _a0632048999
035 _a(Sirsi) u99479
041 _aeng
050 _a692.8
100 _aChappell, David
245 4 _aThe JCT design and build contract.
250 _a2nd ed.
260 _aOxford
_bBlackwell Science
_c1999
300 _axi,348p. ; 25cm.
350 _a45.00
520 _aSuperseded by third edition (ISBN 9781405159241).
650 _aJCT80
650 _aJCT STANDARD FORM OF BUILDING CONTRACT (1998 EDITION)
650 _aDISPUTE RESOLUTION
_96236
650 _aEXTENSION OF TIME
650 _aTENDERING
690 _aBUILT ENVIRONMENT-BUILDING CONTRACT FORMS
700 _aPowell-Smith, Vincent
942 _n0
948 _c13/07/1998
999 _c99352
_d99352